00432nam a2200181Ia 4500008004100000020001800041050001600059100002000075245002800095245002300123260001500146260001600161260000900177300001600186300002000202300001000222300001800232170918s9999 xx 000 0 und d a9780545603720 bS381ca 2014 aSchroeder, Lisa aCaitlin's lucky charm / cby Lisa Schroeder. aNew York : bScholastic, c2014 a183 pages : billustrations ; c19cm. eCharmed life.